Estadísticas para Prueba de Brunéi

Haz click aquí para tomar la prueba!

Estadísticas generales

  • Esta prueba ha sido tomada 492 veces
  • La puntuación promedio es 12 de 16

Estadísticas de respuestas

PistaRespuesta% Correcto
Otros países en esa islaMalasia
98%
Otros países en esa islaIndonesia
97%
Religión principalIslam
94%
El sistema de gobierno de Brunéi{Monarquía} absoluta
91%
País del que Brunéi obtuvo su independencia en 1984Reino Unido
90%
Tercer país más cercano, después de los países de la pregunta anteriorFilipinas
84%
La isla en la que se encuentra BrunéiBorneo
80%
CapitalBandar Seri Begawan
76%
Título del jefe de estadoSultán
74%
Principal producto de exportaciónPetróleo
69%
Los monos probóscide pueden ser vistos en Brunei. ¿Qué parte del cuerpo de un mono
probóscide es más grande que el de otros monos?
Nariz
59%
"Crimen" por el cual las personas pueden ser apedreadas hasta la muerte, según una ley de 2019Homosexualidad masculina
57%
MonedaDólar
54%
Mar en el que se encuentra BrunéiMar de China Meridional
52%
El segundo grupo étnico más grande, después de los malayosChino
45%
Nombre completo del paísBrunei {Darussalam}
36%

Distribución de puntuación

Porcentaje por número respondido

Porcentaje de gente con cada puntuación

Historial de tus puntuaciones

No has tomado esta prueba